000 00658nam a2200241 a 4500
001 nice12345678
003 IN_TiNIC
005 20260116011641.0
008 050524s1898 laha grp 000 0 eng
020 _a
_c100
082 0 0 _a297.86
_bAHM16
100 _aAhmad, Mirza Ghulam
245 _aZia-Ul-Haqq
260 _aLahore
_bAhmadiyya Anjuman Ishaat-E-Islam
_c1898
300 _a48p.
500 _aincludes index and biblioraphy
505 2 _aalso contains nishan-e-asmani, asmani faisla siraj-e-munir and risala tuhfa-e-baghdad.
650 _aAhmadiyyah
700 1 _aAhmad, Mirza Ghulam
902 _bSRS
942 _cBK
999 _c3134
_d3134